00988nam a22002537a 45000010005000000030006000050050017000110080041000280200018000690400029000870500015001160820010001311000036001412450099001772600038002763000061003145050007003755200205003825210021005875210018006086500037006266500035006637000036006989412FISKH20260106095335.0260106b cb ||||| |||| 00| 0 eng d a9780142411933 aFISKHbengcFISKHdFISKH aQE861 .K84 a567.9 aKudlinski, Kathleen V. eAuthor aBoy, were we wrong about dinosaurs! /cKathleen V. Kudlinski ; illustrated by S. D. Schindler  aNew York :bDK Publishing ,c2000 a26 unnumbered pages :bcolor illustrations ;c21 x 26 cm aR  aExamines what is known about dinosaur bones, behavior, and other characteristics and how different the facts often are from what scientists, from ancient China to the recent past, believed to be true.8 a750 bLexile AD 8 aR bRaz-Plus  aDinosaurs & fossilsvArchaeology aInformationalvPrehistoric Era aSchindler, S. D. eIllustrator